=LDR 00000nam 2200000 4500 =001 INLIS000000000031073 =005 20130612133151 =008 ***********************************ind** =035 ##$$0010-061300000031073 =041 ##$$a ind =082 ##$$a 542.1 =090 ##$$a 542.1, Mul m =100 ##$$a Mulyono, =245 ##$$a Membuat keagen Kimia di Laboratorium, Mulyono =260 ##$$a 2006 $b Jakarta =300 ##$$a xiii, 258 hlm., ilus., 23 cm =650 ##$$a Kimia- Laboratorium =850 ##$$a NBPNMAT